Cesty k čistší produkci a spotřebě /
Gespeichert in:
| 1. Verfasser: | |
|---|---|
| Format: | Buch |
| Sprache: | Tschechisch |
| Veröffentlicht: |
Praha
Vysoká škola ekonomická v Praze
1994
|
| Ausgabe: | 1. vyd. |
| Tags: |
Keine Tags, Fügen Sie das erste Tag hinzu!
|
MARC
| LEADER | 00000nam a22000003a 4500 | ||
|---|---|---|---|
| 001 | 0023867 | ||
| 003 | SK-STU | ||
| 005 | 20170515083937.1 | ||
| 007 | ta | ||
| 008 | 170515s ----xo-----e------000-0-----d | ||
| 020 | |a 80-7079-664-2 | ||
| 040 | |a STU |b slo | ||
| 041 | 0 | |a cze | |
| 044 | |a xr | ||
| 100 | 1 | |a Remtová, Květa |4 aut | |
| 245 | 1 | 0 | |a Cesty k čistší produkci a spotřebě / |c aut. Květa Remtová |
| 250 | |a 1. vyd. | ||
| 260 | |a Praha |b Vysoká škola ekonomická v Praze |c 1994 | ||
| 300 | |a 217 s. | ||
| 996 | |b 284M053369 |c M* S-1653-1 |l MMKN |s A |a 24 |w 0023867_0001 | ||